Evolución del Estado mexicano : formación 1810-1910 /

Obra en tres volúmenes que trata sobre el devenir de la política en México, desde su lucha de Independencia en 1810 hasta el año de 1983. El contenido de cada volumen es: V. 1 Formación 1810-1910; V.2 Reestructuración 1910-1940; V.3 Consolidación 1940-1983. El presente V. 1 analiza los principales s...

Descripción completa

Guardado en:
Detalles Bibliográficos
Otros autores: Garza, Luis Alberto de la (autor) (autor)
Formato: Libro
Idioma:Español
Publicado: México : El Caballito, 1986, c1986
Colección:(Fragua Mexicana ; 78)
Temas:
Etiquetas: Agrega una etiqueta
Sin etiquetas, Sé el primero en etiquetar este registro!

MARC

LEADER 00000nam^a2200000^a^4500
001 000007443
005 20250521000000.0
009 20260310083507.988
020 |a 968-6011-42-0 
020 |a 968-6011-36-6 
037 |a Acervo ITESO - Biblioteca 
041 |a ESP 
082 |a 320. 972  |b EVO V. 1 
245 0 0 |a Evolución del Estado mexicano :  |b formación 1810-1910 /  |c L.A. de la Garza... [et al.]. 
264 4 |a México :  |b El Caballito,  |c 1986, c1986 
300 |a 174 p. 
336 |a texto  |b txt  |2 rdacontenido 
337 |a sin mediación  |b n  |2 rdamedio 
338 |a volumen  |b nc  |2 rdasoporte 
440 1 |a (Fragua Mexicana ;  |v 78) 
520 |a Obra en tres volúmenes que trata sobre el devenir de la política en México, desde su lucha de Independencia en 1810 hasta el año de 1983. El contenido de cada volumen es: V. 1 Formación 1810-1910; V.2 Reestructuración 1910-1940; V.3 Consolidación 1940-1983. El presente V. 1 analiza los principales sucesos políticos ocurridos desde la gesta de Independencia hasta el porfiriato. 
649 |a XX 
650 |a Estado, El -  |z México -  |x Historia 
650 |a Sistema Político -  |z México -  |x Historia 
650 |a Política -  |z México -  |x Historia -  |y Siglo XIX -  |x Tema Principal 
650 |a México -  |x Historia -  |y Siglo XIX 
650 |a México -  |x Historia -  |y Porfirismo, 1876-1911 
700 |a Garza, Luis Alberto de la  |e (autor) 
910 |a Fondo General 
920 |a Impresos - Libros 
930 |a Colección General 
905 |a 101 
901 |a 0074430100  |b IT1  |c ACC  |i 007443  |u 20250521 
902 |a https://opac.biblio.iteso.mx/vufind/Record/000007443